Unlisted : (Record no. 1312)
[ view plain ]
| 000 -LEADER | |
|---|---|
| fixed length control field | 01312nam a2200217 a 4500 |
| 005 - DATE AND TIME OF LATEST TRANSACTION | |
| control field | 20260322212055.0 |
| 008 - FIXED-LENGTH DATA ELEMENTS--GENERAL INFORMATION | |
| fixed length control field | data |
| 099 ## - LOCAL FREE-TEXT CALL NUMBER (OCLC) | |
| Classification number | DVD WM 203 U555 |
| 001 - CONTROL NUMBER | |
| control field | data |
| 245 00 - TITLE STATEMENT | |
| Title | Unlisted : |
| Remainder of title | a story of schizophrenia / |
| Statement of responsibility, etc. | edited by Delaney Ruston, William Haugse & Steven Okazaki. |
| 260 ## - PUBLICATION, DISTRIBUTION, ETC. | |
| Place of publication, distribution, etc. | Seattle, WA : |
| Name of publisher, distributor, etc. | MyDoc Productions, |
| Date of publication, distribution, etc. | 2010. |
| 300 ## - PHYSICAL DESCRIPTION | |
| Extent | DVD video 1 videodisc (56 min., 47 sec.) : sd., col. ; |
| Other physical details | 4 3/4 in. |
| 500 ## - GENERAL NOTE | |
| General note | Documentary./ Date from disc surface; date on credits c2009./ Accompanied by a discussion guide inside the DVD case./ Participants: Narrator: Delaney Ruston; Bonnie Buchanan, Michael Chambers, Jim McDermott, Mel Lewin, Eileen Miller, Richard Ruston, Sarah Steyer, Chase Small, Tessa Small, Peter Small, Tod Lipkin, Stephanie Watari, Lesley Devine. |
| 520 ## - SUMMARY, ETC. | |
| Summary, etc. | A first person account of Delaney Ruston's troubled relationship with her father who suffers from Paranoid schizophrenia. After a 10 year separation, she reconnects with her father and her experiences highlights the effects of mental illness on families, and the urgent need for a better mental health care system in America. |
| 650 #0 - SUBJECT ADDED ENTRY--TOPICAL TERM | |
| Topical term or geographic name entry element | Schizophrenia |
| 650 #0 - SUBJECT ADDED ENTRY--TOPICAL TERM | |
| Topical term or geographic name entry element | Paranoid schizophrenia |
| 650 #0 - SUBJECT ADDED ENTRY--TOPICAL TERM | |
| Topical term or geographic name entry element | Mental health services |
| 700 1# - ADDED ENTRY--PERSONAL NAME | |
| Personal name | Ruston, Delaney |
| 700 1# - ADDED ENTRY--PERSONAL NAME | |
| Personal name | Haugse, William |
| 700 1# - ADDED ENTRY--PERSONAL NAME | |
| Personal name | Okazaki, Steven |
| Withdrawn status | Lost status | Damaged status | Not for loan | Home library | Current library | Shelving location | Date acquired | Total checkouts | Full call number | Barcode | Date last seen | Price effective from | Koha item type |
|---|---|---|---|---|---|---|---|---|---|---|---|---|---|
| Riverside | Riverside | General stacks | 22/03/2026 | GEN | BC0011355 | 22/03/2026 | 22/03/2026 | Books |